Models and modules in human ecology: an examination of high school crime rates

Guardado en:  
Detalles Bibliográficos
Autor principal: Gottfredson, Gary D. 1947- (Autor)
Tipo de documento: Print Libro
Lenguaje:Inglés
Publicado: Baltimore, Md Johns Hopkins Univ. 1978
En: Report (255)
Año: 1978
Disponibilidad en Tübingen:Disponible en Tübingen.
UB: KB 5 E 566
Verificar disponibilidad: HBZ Gateway
Servicio de pedido Subito: Pedir ahora.

MARC

LEADER 00000cam a22000002c 4500
001 109136138X
003 DE-627
005 20220514124800.0
007 tu
008 900820s1978 xx ||||| 00| ||eng c
035 |a (DE-627)109136138X 
035 |a (DE-576)02136138X 
035 |a (DE-599)BSZ02136138X 
035 |a (OCoLC)311312594 
040 |a DE-627  |b ger  |c DE-627  |e rakwb 
041 |a eng 
100 1 |a Gottfredson, Gary D.  |d 1947-  |0 (DE-588)1043186131  |0 (DE-627)770205976  |0 (DE-576)163987394  |4 aut 
109 |a Gottfredson, Gary D. 1947- 
245 1 0 |a Models and modules in human ecology  |b an examination of high school crime rates  |c Gary D. Gottfredson 
264 1 |a Baltimore, Md  |b Johns Hopkins Univ.  |c 1978 
300 |a IV, 43 S. 
336 |a Text  |b txt  |2 rdacontent 
337 |a ohne Hilfsmittel zu benutzen  |b n  |2 rdamedia 
338 |a Band  |b nc  |2 rdacarrier 
490 1 |a Report / Center for Social Organization of Schools, the Johns Hopkins University  |v 255 
583 1 |a Archivierung prüfen  |c 20200919  |f DE-640  |z 1  |2 pdager 
810 2 |a Center for Social Organization of Schools  |t Report  |v 255  |9 255  |w (DE-627)1090976887  |w (DE-576)020976887  |7 am 
951 |a BO 
ELC |b 1 
LOK |0 000 xxxxxcx a22 zn 4500 
LOK |0 001 214956095X 
LOK |0 003 DE-627 
LOK |0 004 109136138X 
LOK |0 005 20020606000000 
LOK |0 008 900820||||||||||||||||ger||||||| 
LOK |0 040   |a DE-21  |c DE-627  |d DE-21 
LOK |0 852   |a DE-21 
LOK |0 852 1  |c KB 5 E 566  |9 00 
LOK |0 935   |a krim 
LOK |0 936ln  |a k4.2.2 
LOK |0 939   |a 20-08-90  |b l01 
ORI |a SA-MARC-krimdoka001.raw 
SIG |a UB: KB 5 E 566